Most Successful Formula 1 Drivers by Country (Top 7) - Statistics

General Stats
  • This quiz has been taken 480 times
    113 since last reset
  • The average score is 70 of 126
Answer Stats
Country Driver Active Years Merits % Correct
Spain Fernando Alonso 2001, 2003–2018, 2021- 2 championships
98%
United Kingdom Lewis Hamilton 2007– 7 championships
98%
Netherlands Max Verstappen 2015– 4 championships
98%
Netherlands Jos Verstappen 1994–1998, 2000–2001, 2003 2 podiums
97%
Brazil Ayrton Senna 1984–1994 3 championships, 41 wins
96%
Spain Carlos Sainz 2015– 4 wins
96%
Finland Keke Rosberg 1978–1986 1 championship, 5 wins
96%
Finland Kimi Räikkönen 2001–2009, 2012–2021 1 championship, 21 wins
96%
Canada Lance Stroll 2017- 3 podiums
96%
Germany Michael Schumacher 1991–2006, 2010–2012 7 championships
96%
Germany Nico Rosberg 2006–2016 1 championship
96%
Australia Mark Webber 2002–2013 9 wins, 42 podiums
94%
Finland Mika Häkkinen 1991–2001 2 championships
94%
Brazil Nelson Piquet 1978–1991 3 championships, 23 wins
94%
Austria Niki Lauda 1971–1979, 1982–1985 3 championships
94%
Germany Ralf Schumacher 1997–2007 6 wins
94%
Germany Sebastian Vettel 2007–2022 4 championships
94%
Finland Valtteri Bottas 2013–2024 10 wins
94%
France Alain Prost 1980–1991, 1993 4 championships
93%
Argentina Juan Manuel Fangio 1950–1951, 1953–1958 5 championships
93%
Canada Gilles Villeneuve 1977–1982 6 wins
92%
Australia Jack Brabham 1955–1970 3 championships
92%
Canada Jacques Villeneuve 1996–2006 1 championship
92%
Australia Oscar Piastri 2023- 9 wins, 26 podiums
92%
Australia Daniel Ricciardo 2011–2024 8 wins
91%
United Kingdom Jenson Button 2000–2017 1 championship, 15 wins
91%
United Kingdom Damon Hill 1992–1999 1 championship, 22 wins
90%
United Kingdom Graham Hill 1958–1975 2 championships, 14 wins
90%
United States Mario Andretti 1968–1972, 1974–1982 1 championship, 12 wins
90%
United States Phil Hill 1958–1964, 1966 1 championship, 3 wins
90%
Italy Alberto Ascari 1950–1955 2 championships
89%
Brazil Emerson Fittipaldi 1970–1980 2 championships
89%
Italy Giuseppe Farina 1950–1955 1 championship
89%
South Africa Jody Scheckter 1972–1980 1 championship
89%
South Africa Ian Scheckter 1974–1977 1 point
88%
United Kingdom Jackie Stewart 1965–1973 3 championships
88%
United Kingdom Jim Clark 1960–1968 2 championships, 25 wins
88%
United Kingdom Nigel Mansell 1980–1992, 1994–1995 1 championship, 31 wins
88%
Brazil Felipe Massa 2002, 2004–2017 11 wins, 41 podiums
87%
Germany Jochen Mass 1973–1980, 1982 1 win
87%
Austria Gerhard Berger 1984–1997 10 wins
86%
Japan Yuki Tsunoda 2021-2025 107 points
86%
Australia Alan Jones 1975–1981, 1983, 1985–1986 1 championship
84%
Austria Jochen Rindt 1964–1970 1 championship
84%
Brazil Rubens Barrichello 1993–2011 11 wins, 68 podiums
84%
Belgium Jacky Ickx 1967–1979 8 wins
83%
Argentina Carlos Reutemann 1972–1982 12 wins
82%
Finland Heikki Kovalainen 2007–2013 1 win
80%
Canada Nicholas Latifi 2020-2022 9 points
80%
Sweden Ronnie Peterson 1970–1978 10 wins
78%
Japan Kamui Kobayashi 2009–2012, 2014 1 podium, 133 points
77%
Germany Heinz-Harald Frentzen 1994–2003 3 wins
74%
Japan Takuma Sato 2002–2008 1 podium, 137 points
74%
Italy Giancarlo Fisichella 1996–2009 3 wins
73%
Switzerland Clay Regazzoni 1970–1980 5 wins
72%
Italy Jarno Trulli 1997–2011 1 win, 11 podiums
72%
France René Arnoux 1978–1989 7 wins
70%
Italy Riccardo Patrese 1977–1993 6 wins
70%
Argentina José Froilán Gonzalez 1950–1957, 1960 2 wins
66%
Finland Mika Salo 1994–2000, 2002 2 podiums
63%
Spain Pedro de la Rosa 1999–2002, 2005–2006, 2010–2012 1 podium, 128 points
62%
Belgium Thierry Boutsen 1983–1993 3 wins
62%
Italy Michele Alboreto 1981–1994 5 wins
61%
Germany Wolfgang von Trips 1956–1961 2 wins
61%
France Jacques Laffite 1974–1986 6 wins
60%
Austria Alexander Wurz 1997–2000, 2005, 2007 3 podiums
58%
France Didier Pironi 1978–1982 3 wins
58%
Italy Elio de Angelis 1979–1986 2 wins
52%
Japan Aguri Suzuki 1988–1995 1 podium, 88 points
51%
Sweden Marcus Ericsson 2014–2018 18 points
51%
Brazil Carlos Pace 1972–1977 1 win
50%
France Patrick Tambay 1977–1979, 1981–1986 2 wins, 11 podiums
49%
Japan Satoru Nakajima 1987–1991 155 points
49%
France Patrick Depailler 1972, 1974–1980 2 wins, 19 podiums
48%
France Maurice Trintignant 1950–1964 2 wins, 10 podiums
47%
United States Dan Gurney 1959–1968, 1970 4 wins
46%
Sweden Stefan Johansson 1980, 1983–1991 12 podiums
46%
Finland JJ Lehto 1989–1994 1 podium
44%
Austria Christian Klien 2004–2006, 2010 56 points
41%
Sweden Jo Bonnier 1956–1971 1 win, 1 podium
41%
Switzerland Jo Siffert 1962–1971 2 wins
41%
Sweden Gunnar Nilsson 1976–1977 1 win, 4 podiums
39%
Switzerland Sébastian Buemi 2009–2011 43 points
39%
United States Peter Revson 1964, 1971–1974 2 wins, 8 podiums
36%
United States Richie Ginther 1960–1967 1 win, 14 podiums
36%
United States Bill Vukovich 1951–1955 2 wins, 2 podiums
32%
Spain Jaime Alguersuari 2009–2011 31 points
32%
Japan Ukyo Katayama 1992–1997 65 points
29%
Netherlands Christijan Albers 2005–2007 11 points
26%
Spain Marc Gené 1999–2000, 2003–2004 41 points
23%
Brazil Maurício Gugelmin 1988–1992 1 podium, 120 points
20%
Switzerland Marc Surer 1979–1986 186 points
19%
Austria Karl Wendlinger 1991–1995 78 points
18%
Belgium Olivier Gendebien 1956, 1958–1961 2 podiums
17%
Switzerland Rudi Fischer 1951–1952 2 podiums
17%
Australia Tim Schenken 1970–1974 1 podium
17%
Argentina Carlos Menditeguy 1953–1958, 1960 1 podium
16%
Netherlands Jan Lammers 1979–1982, 1992 4 points
16%
United States Jim Rathmann 1950, 1952–1960 1 win, 4 podiums, 94 points
16%
Belgium Lucien Bianchi 1959–1963, 1965, 1968 1 podium, 33 points, 17 starts
14%
Argentina Onofre Marimón 1951, 1953–1954 2 podiums
14%
South Africa Tony Maggs 1961–1965 3 podiums
14%
Belgium Paul Frère 1952–1956 1 podium, 43 points
13%
Spain Alfonso de Portago 1956–1957 1 podium, 14.5 points
12%
Netherlands Carel Godin de Beaufort 1957–1964 57 points
12%
Japan Shinji Nakano 1997–1998 45 points
12%
Belgium Bertrand Gachot 1989–1992, 1994–1995 46 points
10%
Sweden Reine Wisell 1970–1974 1 podium
9%
Sweden Slim Borgudd 1981–1982 16 points
9%
Netherlands Huub Rothengatter 1984–1986 18 points
8%
Belgium Willy Mairesse 1960–1963, 1965 1 podium, 33 points, 12 starts
8%
Spain Paco Godia 1951, 1954, 1956-1958 49 points
7%
Argentina Ricardo Zunino 1979-1981 17 points
7%
Switzerland Toulo de Graffenried 1950–1954, 1956 90 points
7%
Netherlands Gijs van Lennep 1971, 1973-1975 23 points
4%
South Africa Neville Lederle 1962, 1965 8 points
4%
Canada Peter Broeker 1963 6 points
4%
Argentina Roberto Mieres 1953–1955 74 points
4%
Australia Vern Schuppan 1972, 1974-1975, 1977 6 points
4%
Austria Harald Ertl 1975–1978, 1980 22 points
3%
South Africa Peter de Klerk 1963, 1965, 1969–1970 1 point
3%
Canada Peter Ryan 1961 2 points
3%
Canada George Eaton 1969–1971 1 point
2%
South Africa Bruce Johnstone 1962 2 points
1%
Switzerland Silvio Moser 1967–1971 24 points
1%
South Africa Ernie Pieterse 1962-1963,1965 1 point
0%
No matching quizzes found
Score Distribution
Percent of People with Each Score
Percentile by Number Answered
Your Score History
You have not taken this quiz since the last reset